| 000 | 00448nam a2200157 i 4500 | ||
|---|---|---|---|
| 001 | 100126 | ||
| 003 | ES-MaACL | ||
| 005 | 20230906182619.0 | ||
| 007 | t| | ||
| 008 | 050922s1952 zzz ||||1| spa d | ||
| 100 | 1 |
_aMartínez Ubeda, Juan. _978452 |
|
| 245 | 1 | 0 |
_aVoz en vuelo _b: poemas / _cJuan Martínez de Ubeda. |
| 260 |
_a[s.l.: s.n.], _c1952. |
||
| 300 |
_a105 p., 5 lám., 1 ret. aut. ; _c16 cm. |
||
| 852 |
_aES-MaACL _j1949-F-7 _bR.33998 |
||
| 999 |
_c100126 _d100126 |
||